| 000 | 00640nam a2200205 4500 | ||
|---|---|---|---|
| 001 | 122039 | ||
| 003 | ES-MaACL | ||
| 005 | 20250522202412.0 | ||
| 007 | t| | ||
| 008 | 070214s1973 sp r ||||1| spa d | ||
| 100 | 1 |
_aPostman, Neil. _993366 |
|
| 245 | 1 | 3 |
_aLa enseñanza como actividad crítica / _cNeil Postman, Charles Weingartner ; traducción de Ramón Ribé. |
| 250 | _a1ª. ed. | ||
| 260 |
_aBarcelona : _bFontanella, _c1973. |
||
| 300 |
_a240 p. ; _c21 cm. |
||
| 700 | 1 |
_aWeingartner, Charles. _9116364 |
|
| 700 | 1 |
_aRibé i Queralt, Ramon, _d1943- _996746 |
|
| 852 |
_aES-MaACL _jC-53442 _bR.86533 |
||
| 999 |
_c122039 _d122039 |
||